[Event "EU-ch (Men) 11th"]
[Site "Rijeka"]
[Date "2010.03.09"]
[Round "4.137"]
[White "Popilsky, Gil"]
[Black "Tassopoulos, Marios"]
[Result "1-0"]
[WhiteElo "2441"]
[BlackElo "2245"]
[PlyCount "120"]
[EventDate "2010.03.06"]
[EventType "swiss"]
[EventRounds "11"]
[EventCountry "CRO"]
[SourceDate "2010.03.06"]

1. Nf3 d5 2. c4 e6 3. d4 Nf6 4. Nc3 Be7 5. Bg5 O-O 6. e3 h6 7. Bh4 b6 8. Rc1
Bb7 9. Bxf6 Bxf6 10. cxd5 exd5 11. b4 c6 12. Qb3 Re8 13. Bd3 a5 14. bxa5 Rxa5
15. O-O Ba6 16. Rfd1 Bxd3 17. Rxd3 Nd7 18. a4 Qa8 19. h3 Be7 20. Rd2 Bd6 21.
Rdc2 Ra6 22. Ne1 Nf6 23. Qb1 Ba3 24. Rd1 Ne4 25. Nxe4 Rxe4 26. Qb3 Bf8 27. Nd3
Re6 28. Nf4 Re8 29. Rdc1 Bd6 30. Nd3 c5 31. dxc5 bxc5 32. Nxc5 Bxc5 33. Rxc5
Rxa4 34. Rxd5 Ra1 35. Rxa1 Qxa1+ 36. Kh2 Qf6 37. Qb5 Rd8 38. Rf5 Qd6+ 39. g3
Qd3 40. Qa5 Rd7 41. Rf4 Qd5 42. Qa4 Qd1 43. Qe4 Rd8 44. Qe7 Rf8 45. Kg2 Qb3 46.
h4 h5 47. Rf5 g6 48. Rc5 Qa4 49. Rc7 Qe8 50. Qf6 Qe4+ 51. Kh2 Qd5 52. Re7 Qd2
53. Kg2 Qc1 54. e4 Qc5 55. Rd7 Qc4 56. Qe7 Rc8 57. Rd6 Qc7 58. Qe5 Qb8 59. Qd5
Kg7 60. Rd7 Rf8 1-0

[Event "EU-ch (Men) 11th"]
[Site "Rijeka"]
[Date "2010.03.09"]
[Round "4.138"]
[White "Sgnaolin, Davide"]
[Black "Vernay, Clovis"]
[Result "0-1"]
[WhiteElo "2234"]
[BlackElo "2440"]
[PlyCount "98"]
[EventDate "2010.03.06"]
[EventType "swiss"]
[EventRounds "11"]
[EventCountry "CRO"]
[SourceDate "2010.03.06"]

1. e4 e6 2. d4 d5 3. Nd2 Nf6 4. e5 Nfd7 5. Ngf3 c5 6. c3 Nc6 7. Bd3 Qb6 8. O-O
cxd4 9. cxd4 Nxd4 10. Nxd4 Qxd4 11. Nf3 Qb6 12. Qa4 Qb4 13. Qc2 Nc5 14. Bd2 Qa4
15. b3 Qd7 16. Bb4 b6 17. Nd4 Qd8 18. Rfd1 Bd7 19. Qd2 Be7 20. Rac1 a5 21. Ba3
O-O 22. Bb1 Rc8 23. Bb2 f5 24. Qe2 Bg5 25. Rc3 Ne4 26. Rh3 Qe8 27. Bd3 Be7 28.
Bb1 b5 29. Rhd3 b4 30. Qe1 Bg5 31. Nf3 Bh6 32. Nd4 Qe7 33. Rh3 Ng5 34. Rhd3 Rc7
35. Kh1 Rfc8 36. f3 Nf7 37. h3 g6 38. g3 Bg7 39. R3d2 a4 40. Re2 a3 41. Bc1
Bxe5 42. Rxe5 Nxe5 43. Bf4 Nf7 44. Bxc7 Rxc7 45. f4 Qd6 46. Qd2 Rc3 47. Kg2 Ng5
48. Bd3 Ne4 49. Bxe4 dxe4 0-1

[Event "EU-ch (Men) 11th"]
[Site "Rijeka"]
[Date "2010.03.09"]
[Round "4.139"]
[White "Tosic, Miroslav"]
[Black "Spichkin, Alexander"]
[Result "0-1"]
[WhiteElo "2439"]
[BlackElo "2241"]
[PlyCount "104"]
[EventDate "2010.03.06"]
[EventType "swiss"]
[EventRounds "11"]
[EventCountry "CRO"]
[SourceDate "2010.03.06"]

1. d4 f5 2. g3 Nf6 3. Bg2 e6 4. Nf3 d5 5. O-O Bd6 6. b3 Qe7 7. c4 c6 8. Bb2 O-O
9. Nbd2 Bd7 10. Ne5 Be8 11. Ndf3 Bh5 12. Nd3 Nbd7 13. Qc2 Rac8 14. Rae1 Ng4 15.
Nfe5 Ndf6 16. Nf4 Qe8 17. e3 Bb4 18. Nxg4 Bxg4 19. Rc1 Bd6 20. f3 Bh5 21. Nd3
Bg6 22. Qd2 Qe7 23. Bc3 b6 24. Ne5 Bf7 25. Qd3 Nd7 26. cxd5 cxd5 27. Nxf7 Qxf7
28. Bb2 Nf6 29. Qa6 Qd7 30. Rfe1 h5 31. Bf1 h4 32. Bb5 Rxc1 33. Rxc1 Qe7 34.
Kg2 hxg3 35. hxg3 Bxg3 36. Rc8 Bd6 37. Rxf8+ Kxf8 38. Qc8+ Kf7 39. Bd3 Nh5 40.
Bb5 Qg5+ 41. Kf2 Qg3+ 42. Ke2 Qg2+ 43. Kd1 Qxf3+ 44. Be2 Qh1+ 45. Kc2 Qg2 46.
Kd1 Ng3 47. Qb7+ Kf6 48. Qa6 Qxe2+ 49. Qxe2 Nxe2 50. Kxe2 Kg5 51. a4 g6 52. Bc3
Kg4 0-1

[Event "EU-ch (Men) 11th"]
[Site "Rijeka"]
[Date "2010.03.09"]
[Round "4.140"]
[White "Gutov, Andrey"]
[Black "Beletic, Daniel"]
[Result "1/2-1/2"]
[WhiteElo "2437"]
[BlackElo "2232"]
[PlyCount "101"]
[EventDate "2010.03.06"]
[EventType "swiss"]
[EventRounds "11"]
[EventCountry "CRO"]
[SourceDate "2010.03.06"]

1. e4 c5 2. Nf3 d6 3. d4 cxd4 4. Nxd4 Nf6 5. Nc3 g6 6. Be3 Bg7 7. f3 O-O 8. Qd2
Nc6 9. Bc4 Bd7 10. Bb3 Qa5 11. O-O-O Ne5 12. h4 Rfc8 13. Kb1 Nc4 14. Bxc4 Rxc4
15. Nb3 Qc7 16. g4 Be6 17. h5 Rc8 18. Nd4 Bd7 19. hxg6 hxg6 20. Nde2 Bxg4 21.
fxg4 Nxe4 22. Qd3 Rb4 23. a3 Nxc3+ 24. Nxc3 Qxc3 25. Qxc3 Rxc3 26. axb4 Rxe3
27. Rde1 Rxe1+ 28. Rxe1 Be5 29. c3 f5 30. gxf5 gxf5 31. b5 Kf7 32. Kc2 Bg3 33.
Ra1 Kf6 34. Rxa7 b6 35. c4 Bf2 36. b4 e5 37. Rc7 Ke6 38. c5 dxc5 39. Rc6+ Kd5
40. Rxb6 cxb4 41. Rf6 Kc4 42. b6 b3+ 43. Kd2 Be3+ 44. Kd1 Bxb6 45. Rxb6 f4 46.
Kd2 e4 47. Rc6+ Kd4 48. Rd6+ Kc4 49. Rc6+ Kd4 50. Rd6+ Kc4 51. Rc6+ 1/2-1/2

[Event "EU-ch (Men) 11th"]
[Site "Rijeka"]
[Date "2010.03.09"]
[Round "4.141"]
[White "Kurmann, Oliver"]
[Black "Gebigke, Martin"]
[Result "1-0"]
[WhiteElo "2432"]
[BlackElo "2232"]
[PlyCount "131"]
[EventDate "2010.03.06"]
[EventType "swiss"]
[EventRounds "11"]
[EventCountry "CRO"]
[SourceDate "2010.03.06"]

1. e4 c5 2. Nf3 d6 3. d4 cxd4 4. Nxd4 Nf6 5. Nc3 a6 6. Be3 e5 7. Nf3 Be7 8. Bc4
O-O 9. O-O Nc6 10. Re1 Na5 11. Bf1 Qc7 12. Bg5 Be6 13. Bxf6 Bxf6 14. Nd5 Bxd5
15. Qxd5 Qc5 16. Rad1 Rfd8 17. c3 Rac8 18. Qd2 Qb6 19. Qc2 Qc7 20. a3 b5 21. h4
Qe7 22. g3 Qe6 23. Rd5 Nc6 24. Kh2 Rc7 25. Bh3 Qe7 26. Qd3 Na5 27. Rd1 Nc4 28.
Qe2 Rc5 29. R5d3 h6 30. Kg1 Qc7 31. Nh2 Be7 32. Ng4 a5 33. Bf1 h5 34. Ne3 Nxe3
35. Qxe3 Rb8 36. b4 Rc6 37. Qf3 g6 38. Re1 Kg7 39. Ree3 axb4 40. axb4 Ra8 41.
Rd5 Ra3 42. Bxb5 Rcxc3 43. Rxc3 Rxc3 44. Rd3 Rc1+ 45. Rd1 Rc3 46. Qe2 Rc2 47.
Qd3 Rc3 48. Qd5 Rc2 49. Rd2 Rxd2 50. Qxd2 Qb7 51. Qd3 Bd8 52. Bc4 Qe7 53. Qe3
Qb7 54. Qd3 Qe7 55. Qd5 Bb6 56. Kg2 Qc7 57. f3 Be3 58. Kf1 Bb6 59. Ke2 Bg1 60.
f4 exf4 61. gxf4 Qa7 62. Kd1 Be3 63. Qxd6 Qa1+ 64. Ke2 Qg1 65. Qe5+ Kg8 66.
Qe8+ 1-0

[Event "EU-ch (Men) 11th"]
[Site "Rijeka"]
[Date "2010.03.09"]
[Round "4.142"]
[White "Tate, Alan"]
[Black "Cioara, Andrei Nestor"]
[Result "1-0"]
[WhiteElo "2215"]
[BlackElo "2430"]
[PlyCount "95"]
[EventDate "2010.03.06"]
[EventType "swiss"]
[EventRounds "11"]
[EventCountry "CRO"]
[SourceDate "2010.03.06"]

1. Nf3 e6 2. c4 Nf6 3. g3 d5 4. Bg2 Be7 5. O-O O-O 6. d4 c6 7. Qc2 Nbd7 8. Nbd2
b6 9. e4 Nxe4 10. Nxe4 dxe4 11. Qxe4 Bb7 12. Rd1 Qc7 13. Bf4 Bd6 14. Bxd6 Qxd6
15. c5 Nf6 16. Qc2 Qc7 17. Ne5 Rac8 18. Nc4 Ne8 19. a4 Ba8 20. Ra3 Nf6 21. Nd6
Rb8 22. Qc3 Rfd8 23. b4 a5 24. bxa5 bxa5 25. Raa1 Rb4 26. Rdb1 Rdb8 27. Qd3 Qa7
28. h3 h6 29. Bf3 Nd7 30. Bh5 Rxb1+ 31. Rxb1 Rf8 32. Qb3 g6 33. Be2 e5 34. Bc4
exd4 35. Bxf7+ Kg7 36. Qe6 Nf6 37. Ne8+ Rxe8 38. Bxe8 Qc7 39. Rd1 Bb7 40. Rxd4
Bc8 41. Qxc6 Qe5 42. Qxc8 Qxd4 43. Qc7+ Kh8 44. Bxg6 Qd1+ 45. Kh2 Qxa4 46. Qf7
Qc6 47. Qf8+ Ng8 48. Bf7 1-0

[Event "EU-ch (Men) 11th"]
[Site "Rijeka"]
[Date "2010.03.09"]
[Round "4.143"]
[White "Delorme, Axel"]
[Black "Juranic, Bruno"]
[Result "1-0"]
[WhiteElo "2429"]
[BlackElo "2220"]
[PlyCount "76"]
[EventDate "2010.03.06"]
[EventType "swiss"]
[EventRounds "11"]
[EventCountry "CRO"]
[SourceDate "2010.03.06"]

1. e4 c5 2. Nf3 e6 3. d4 cxd4 4. Nxd4 a6 5. Bd3 Qc7 6. O-O Nf6 7. Qe2 Bd6 8. h3
Nc6 9. Nxc6 dxc6 10. Nd2 b5 11. a4 Bd7 12. Re1 e5 13. Nb3 O-O 14. Be3 c5 15.
axb5 axb5 16. Rxa8 Rxa8 17. Bxb5 Bxb5 18. Qxb5 Rb8 19. Qa4 Rb4 20. Qa3 Nxe4 21.
Qa8+ Qb8 22. Qxb8+ Rxb8 23. f3 c4 24. fxe4 cxb3 25. Rd1 Be7 26. c4 Kf8 27. Kf1
Bb4 28. Ke2 Ke7 29. Rd5 Bc3 30. Bc5+ Kf6 31. Ba3 Bd4 32. Kd3 Kg5 33. Rd7 Kg6
34. c5 h5 35. h4 Rc8 36. Kc4 Rc6 37. Rb7 Kh7 38. Rxb3 Rc8 1-0

[Event "EU-ch (Men) 11th"]
[Site "Rijeka"]
[Date "2010.03.09"]
[Round "4.144"]
[White "Loncar, Robert"]
[Black "Civric, Zdravko"]
[Result "1-0"]
[WhiteElo "2424"]
[BlackElo "2207"]
[PlyCount "165"]
[EventDate "2010.03.06"]
[EventType "swiss"]
[EventRounds "11"]
[EventCountry "CRO"]
[SourceDate "2010.03.06"]

1. Nf3 Nf6 2. c4 g6 3. Nc3 Bg7 4. d4 d5 5. Bg5 Ne4 6. cxd5 Nxg5 7. Nxg5 O-O 8.
Nf3 e6 9. dxe6 Bxe6 10. e3 c5 11. Qd2 Nc6 12. dxc5 Qa5 13. Be2 Rfd8 14. Qc1
Qxc5 15. O-O Nb4 16. Nd4 Bxd4 17. exd4 Rxd4 18. Bf3 Rad8 19. Qh6 Bf5 20. Rac1
Qe5 21. Rce1 Qf6 22. Be4 Nxa2 23. Bxf5 Nxc3 24. bxc3 Rh4 25. Qe3 gxf5 26. Qxa7
Qxc3 27. Qxb7 Rg4 28. Re3 Qc4 29. h3 Rg6 30. Rfe1 Qc6 31. Qxc6 Rxc6 32. Re5 Rf6
33. R1e3 Kg7 34. Rg3+ Kh6 35. Rf3 Kg6 36. Rf4 Rdd6 37. Re3 h6 38. Rg3+ Kh7 39.
Rgf3 Kg6 40. Kh2 Rde6 41. h4 Re4 42. Kg3 Re5 43. Kh3 Kh5 44. Rg3 Rg6 45. Rgf3
Rf6 46. Rd4 Rg6 47. Rd7 Rg4 48. g3 Kg6 49. Rc3 Re6 50. Rcc7 Rf6 51. Rd8 h5 52.
Rh8 f4 53. Rg8+ Kh7 54. Rxg4 hxg4+ 55. Kxg4 fxg3 56. fxg3 Kg7 57. Rc5 Rb6 58.
Rg5+ Kf6 59. Rg8 Rb5 60. h5 Rb1 61. Kf3 Rh1 62. g4 Ke6 63. Kg2 Rh4 64. Kg3 Rh1
65. Kf4 f6 66. Rg7 Rf1+ 67. Kg3 Rh1 68. Kf3 Rh3+ 69. Kf4 Rh1 70. Ra7 Rf1+ 71.
Ke4 Re1+ 72. Kf3 Rf1+ 73. Kg2 Rb1 74. h6 Rb2+ 75. Kg3 Rb3+ 76. Kh4 Rb1 77. Kh5
Rb6 78. Kh4 Rb1 79. h7 Rh1+ 80. Kg3 Rh6 81. g5 Rh5 82. g6 Rh6 83. g7 1-0

[Event "EU-ch (Men) 11th"]
[Site "Rijeka"]
[Date "2010.03.09"]
[Round "4.145"]
[White "Sheshkin, Matan"]
[Black "Piscopo, Pierluigi"]
[Result "0-1"]
[WhiteElo "2207"]
[BlackElo "2418"]
[PlyCount "75"]
[EventDate "2010.03.06"]
[EventType "swiss"]
[EventRounds "11"]
[EventCountry "CRO"]
[SourceDate "2010.03.06"]

1. e4 c5 2. Nf3 Nc6 3. d4 cxd4 4. Nxd4 e5 5. Nb5 d6 6. c4 Be7 7. N1c3 a6 8. Na3
Be6 9. Nc2 Nf6 10. Be2 O-O 11. O-O Rc8 12. b3 b5 13. cxb5 Na7 14. Bb2 Nxb5 15.
Nxb5 axb5 16. Bxb5 Nxe4 17. Ne3 Bg5 18. Nd5 Nd2 19. Bc4 Rc5 20. Ba3 Bxd5 21.
Bxc5 Bxc4 22. bxc4 dxc5 23. Re1 Qd4 24. Rc1 e4 25. Qe2 f5 26. Rc2 Qd3 27. Rb2
Rd8 28. h3 Bf4 29. Qh5 Qc3 30. Qxf5 Nf3+ 31. gxf3 Qxe1+ 32. Kg2 exf3+ 33. Kxf3
Qh1+ 34. Kg4 Qg2+ 35. Kh4 Bg5+ 36. Qxg5 Rd4+ 37. f4 Qxb2 38. Qxc5 0-1

[Event "EU-ch (Men) 11th"]
[Site "Rijeka"]
[Date "2010.03.09"]
[Round "4.146"]
[White "Buss, Ralph"]
[Black "Kostanjsek, Zorko"]
[Result "1-0"]
[WhiteElo "2416"]
[BlackElo "2204"]
[PlyCount "137"]
[EventDate "2010.03.06"]
[EventType "swiss"]
[EventRounds "11"]
[EventCountry "CRO"]
[SourceDate "2010.03.06"]

1. Nf3 Nf6 2. c4 e6 3. Nc3 c5 4. g3 b6 5. Bg2 Bb7 6. O-O a6 7. Re1 Be7 8. e4 d6
9. d4 cxd4 10. Nxd4 Qc7 11. Be3 Nbd7 12. f4 h5 13. h3 Qc8 14. Rc1 Rb8 15. Bf2
Kf8 16. Nd5 Bd8 17. e5 dxe5 18. fxe5 Ne8 19. Nf4 Bxg2 20. Kxg2 Qb7+ 21. Kh2 Rh6
22. Rc2 Be7 23. Nxh5 Rd8 24. Qe2 g6 25. Nf4 Ng7 26. Qf3 Qxf3 27. Nxf3 g5 28.
Ng2 g4 29. Nfh4 gxh3 30. Kxh3 Nc5 31. Ree2 a5 32. Kg4 Rh5 33. Nf4 Rg5+ 34. Kf3
Nh5 35. Nxh5 Rd3+ 36. Kg2 Rxh5 37. Nf3 Rd1 38. Rcd2 Rxd2 39. Nxd2 Ke8 40. Nf3
Rf5 41. Nd4 Rg5 42. Nc6 Nd7 43. Be3 Rg4 44. Nxe7 Kxe7 45. Bf4 Rg8 46. b3 Kd8
47. Re1 Rh8 48. Rf1 Rh5 49. g4 Rh7 50. Be3 Kc7 51. Bd4 Kc6 52. Rf3 Rg7 53. Kg3
Rh7 54. Rf2 Kc7 55. Rh2 Rxh2 56. Kxh2 Kc6 57. Kg3 b5 58. Kf4 bxc4 59. bxc4 a4
60. Kg5 a3 61. Kh6 f6 62. exf6 e5 63. Bxe5 Nxe5 64. Kg7 Kc5 65. g5 Kxc4 66. g6
Kc3 67. f7 Nd7 68. Kh8 Ne5 69. Kh7 1-0

[Event "EU-ch (Men) 11th"]
[Site "Rijeka"]
[Date "2010.03.09"]
[Round "4.147"]
[White "Pogosian, Vladimir"]
[Black "Barle, Janez"]
[Result "0-1"]
[WhiteElo "2204"]
[BlackElo "2415"]
[PlyCount "140"]
[EventDate "2010.03.06"]
[EventType "swiss"]
[EventRounds "11"]
[EventCountry "CRO"]
[SourceDate "2010.03.06"]

1. c4 Nc6 2. a3 e5 3. e3 Nf6 4. b4 d6 5. Qc2 g6 6. Bb2 Bg7 7. Ne2 O-O 8. d3 b6
9. Ng3 Bb7 10. h4 h5 11. Be2 a5 12. b5 Ne7 13. e4 Nd7 14. Nd2 Nc5 15. a4 c6 16.
Nf3 cxb5 17. axb5 Ne6 18. Nf1 f5 19. Ng5 Nxg5 20. hxg5 Nc8 21. Bc1 Ne7 22. Ng3
Rf7 23. Qa2 Qd7 24. Ba3 Raf8 25. Bf3 f4 26. Nxh5 gxh5 27. Bxh5 Qe6 28. Bxf7+
Rxf7 29. Qe2 Ng6 30. f3 Bf8 31. Qf2 Qe7 32. Rh5 Qd8 33. O-O-O Be7 34. Rdh1 Bxg5
35. Qg1 Rg7 36. Qh2 Bc8 37. Rh7 Bf6 38. Qh5 Kf7 39. Rxg7+ Bxg7 40. Qh7 Be6 41.
Rg1 Qg5 42. Qh2 Qf6 43. Qh5 Kg8 44. Bb2 Bf7 45. Qh3 Qd8 46. Ba3 Qc7 47. Kd2 Nf8
48. g3 fxg3 49. Rxg3 Ne6 50. Qh6 a4 51. Rxg7+ Nxg7 52. Bxd6 Qa7 53. Bxe5 Be8
54. Qxg7+ Qxg7 55. Bxg7 Kxg7 56. Kc3 Kf6 57. f4 Ke6 58. Kb4 Bh5 59. d4 Bf3 60.
d5+ Kd7 61. e5 Be2 62. c5 bxc5+ 63. Kxa4 Bf3 64. d6 Be4 65. Kb3 Bd3 66. b6 Kc6
67. d7 Kxd7 68. Kc3 Be4 69. f5 Kc6 70. e6 Bxf5 0-1

[Event "EU-ch (Men) 11th"]
[Site "Rijeka"]
[Date "2010.03.09"]
[Round "4.149"]
[White "Elkin, Leonid"]
[Black "Jakovljevic, Vlado"]
[Result "0-1"]
[WhiteElo "2189"]
[BlackElo "2412"]
[PlyCount "158"]
[EventDate "2010.03.06"]
[EventType "swiss"]
[EventRounds "11"]
[EventCountry "CRO"]
[SourceDate "2010.03.06"]

1. d4 d5 2. c4 c6 3. Nf3 Nf6 4. Nc3 e6 5. e3 a6 6. Qc2 c5 7. cxd5 exd5 8. Be2
Be6 9. O-O Nc6 10. Rd1 cxd4 11. Nxd4 Nxd4 12. Rxd4 Bc5 13. Rd1 Qe7 14. Bf3 Rd8
15. a3 O-O 16. b4 Ba7 17. Bb2 Rc8 18. Qd3 Rfd8 19. Ne2 Bb8 20. Rac1 Rxc1 21.
Rxc1 Nd7 22. Nd4 Ne5 23. Qc3 f6 24. Be2 Bf7 25. a4 Nc4 26. b5 axb5 27. axb5 Be5
28. Ra1 Qd7 29. Qb3 Qc7 30. g3 Nxb2 31. Qxb2 Qb6 32. Qb4 Bd6 33. Qa5 Qxa5 34.
Rxa5 Bc5 35. Ra1 g6 36. Kf1 Bb6 37. Ke1 Kf8 38. Kd2 Ke7 39. Bf1 Rc8 40. Bd3 Kd6
41. h4 Ke7 42. Ra2 Kd6 43. Ra1 Bc5 44. Ra4 Kc7 45. Be2 Kb6 46. Ra2 Bb4+ 47. Kd1
Bc3 48. Rc2 Rc7 49. Bf1 h6 50. Ne2 Be5 51. Rxc7 Bxc7 52. Nd4 Be5 53. Kc2 Kc5
54. Kc3 f5 55. f4 Bf6 56. h5 g5 57. Bd3 gxf4 58. gxf4 Bxh5 59. Bxf5 Bf7 60. Bc8
b6 61. Bd7 h5 62. Kd3 Bxd4 63. exd4+ Kd6 64. Bc6 Be6 65. Ke3 Bd7 66. Bb7 Bxb5
67. f5 Bc6 68. Ba6 Ke7 69. Kf4 Kf6 70. Be2 Be8 71. Bf3 Bf7 72. Be2 h4 73. Bd3
Bh5 74. Bc2 h3 75. Kg3 Bg4 76. Bb3 Bxf5 77. Bxd5 Ke7 78. Bc4 Kd6 79. Kh2 Be6
0-1

[Event "EU-ch (Men) 11th"]
[Site "Rijeka"]
[Date "2010.03.09"]
[Round "4.150"]
[White "Rukavina, Josip"]
[Black "Hartung, Jerry"]
[Result "1-0"]
[WhiteElo "2409"]
[BlackElo "2191"]
[PlyCount "31"]
[EventDate "2010.03.06"]
[EventType "swiss"]
[EventRounds "11"]
[EventCountry "CRO"]
[SourceDate "2010.03.06"]

1. c4 c6 2. Nf3 d5 3. e3 Nf6 4. Nc3 e6 5. d4 Nbd7 6. Bd3 dxc4 7. Bxc4 b5 8. Bd3
a6 9. e4 Bb7 10. e5 Nd5 11. Nxd5 cxd5 12. Ng5 Bb4+ 13. Kf1 h6 14. Qh5 Qe7 15.
Nxf7 O-O 16. Qg6 1-0

[Event "EU-ch (Men) 11th"]
[Site "Rijeka"]
[Date "2010.03.09"]
[Round "4.151"]
[White "Reutsky, Sergei"]
[Black "Pantaleoni, Claudio"]
[Result "1-0"]
[WhiteElo "2404"]
[BlackElo "2179"]
[PlyCount "53"]
[EventDate "2010.03.06"]
[EventType "swiss"]
[EventRounds "11"]
[EventCountry "CRO"]
[SourceDate "2010.03.06"]

1. Nf3 Nf6 2. g3 b6 3. Bg2 Bb7 4. O-O c5 5. d3 e6 6. e4 d6 7. b3 Be7 8. Bb2
Nbd7 9. Nbd2 O-O 10. Qe2 h6 11. c4 a6 12. Rad1 Ra7 13. Nh4 Ne8 14. f4 Bxh4 15.
gxh4 Qxh4 16. Rf3 Qe7 17. Rg3 e5 18. Rf1 Bc8 19. Qh5 Kh8 20. Nf3 Ndf6 21. Qh4
exf4 22. Qxf4 Kg8 23. e5 dxe5 24. Nxe5 Be6 25. Nc6 Qd7 26. Nxa7 Qxa7 27. Bc6
1-0

[Event "EU-ch (Men) 11th"]
[Site "Rijeka"]
[Date "2010.03.09"]
[Round "4.152"]
[White "Ernst, Michael"]
[Black "Martic, Zlatko"]
[Result "1-0"]
[WhiteElo "2166"]
[BlackElo "2404"]
[PlyCount "89"]
[EventDate "2010.03.06"]
[EventType "swiss"]
[EventRounds "11"]
[EventCountry "CRO"]
[SourceDate "2010.03.06"]

1. d4 Nf6 2. c4 g6 3. Nc3 Bg7 4. e4 d6 5. h3 O-O 6. Nf3 e5 7. d5 Na6 8. Bg5 h6
9. Be3 Kh8 10. Nd2 Ng8 11. g4 f5 12. gxf5 gxf5 13. exf5 Bxf5 14. Nde4 Qh4 15.
Bd3 Rf7 16. Qd2 Raf8 17. O-O-O Nb4 18. Bb1 Nxa2+ 19. Bxa2 Bxe4 20. Nxe4 Qxe4
21. Qc3 Ne7 22. Bb1 Qf3 23. Qd2 Qh5 24. Rdg1 Nf5 25. Qd3 c6 26. Bc2 cxd5 27.
cxd5 Rc8 28. Kb1 b5 29. Rg4 e4 30. Qxe4 Be5 31. Bd1 Nxe3 32. Rg8+ Rxg8 33. Bxh5
Nc4 34. Qe1 Rf4 35. Rg1 Rgf8 36. f3 Rd4 37. Rg2 b4 38. Qc1 Bf4 39. Qc2 Ne3 40.
Qc7 Rd1+ 41. Ka2 Be5 42. Rg6 b3+ 43. Kxb3 Rd3+ 44. Ka2 Nf5 45. Bg4 1-0

[Event "EU-ch (Men) 11th"]
[Site "Rijeka"]
[Date "2010.03.09"]
[Round "4.153"]
[White "Milonakis, Georgios"]
[Black "Mihok, Oliver"]
[Result "0-1"]
[WhiteElo "2154"]
[BlackElo "2403"]
[PlyCount "46"]
[EventDate "2010.03.06"]
[EventType "swiss"]
[EventRounds "11"]
[EventCountry "CRO"]
[SourceDate "2010.03.06"]

1. e4 c5 2. Nf3 Nc6 3. d4 cxd4 4. Nxd4 Qb6 5. Nb3 Nf6 6. Nc3 e6 7. Be3 Qc7 8.
Qd2 Bb4 9. f3 d5 10. a3 Bxc3 11. Qxc3 dxe4 12. fxe4 O-O 13. Bd3 Ng4 14. Bc5 Rd8
15. O-O-O b6 16. h3 Nge5 17. Be3 Bb7 18. Bb5 Rac8 19. Rxd8+ Qxd8 20. Rd1 Qe7
21. Bf4 Ng6 22. Bd6 Qg5+ 23. Qd2 Qxb5 0-1

[Event "EU-ch (Men) 11th"]
[Site "Rijeka"]
[Date "2010.03.09"]
[Round "4.154"]
[White "Kinez, Ivo"]
[Black "Berkovich, Mark A"]
[Result "1/2-1/2"]
[WhiteElo "2138"]
[BlackElo "2401"]
[PlyCount "58"]
[EventDate "2010.03.06"]
[EventType "swiss"]
[EventRounds "11"]
[EventCountry "CRO"]
[SourceDate "2010.03.06"]

1. e4 e5 2. Nf3 Nc6 3. Bb5 Nge7 4. c3 a6 5. Ba4 g6 6. d4 exd4 7. cxd4 b5 8. Bb3
Bg7 9. O-O O-O 10. Nc3 d6 11. h3 Bb7 12. Bg5 h6 13. Bh4 Na5 14. Bc2 Qd7 15. Re1
Rfe8 16. Rc1 Nc4 17. b3 Nb6 18. a4 b4 19. Nb1 a5 20. Bd3 g5 21. Bg3 f5 22. exf5
Nxf5 23. Bxf5 Qxf5 24. Rxc7 Bxf3 25. gxf3 Nd5 26. Rb7 Nf4 27. Bxf4 Qxf4 28. Nd2
Qxd4 29. Nc4 d5 1/2-1/2

[Event "EU-ch (Men) 11th"]
[Site "Rijeka"]
[Date "2010.03.09"]
[Round "4.155"]
[White "Nedilko, Vasily"]
[Black "Barlocco, Carlo"]
[Result "1-0"]
[WhiteElo "2400"]
[BlackElo "2173"]
[PlyCount "53"]
[EventDate "2010.03.06"]
[EventType "swiss"]
[EventRounds "11"]
[EventCountry "CRO"]
[SourceDate "2010.03.06"]

1. d4 Nc6 2. d5 Ne5 3. f4 Ng6 4. Nf3 Nf6 5. Nc3 e6 6. dxe6 dxe6 7. Qxd8+ Kxd8
8. Bd2 Bc5 9. e4 Bd7 10. Bd3 Bc6 11. O-O-O Ng4 12. f5 exf5 13. exf5 Ne7 14. Ng5
Ke8 15. Nge4 Bb6 16. Rhe1 f6 17. Bf4 Kf8 18. h3 Ne5 19. Bxe5 fxe5 20. Ng5 Bxg2
21. Rxe5 h6 22. Ne6+ Kf7 23. Nf4 Bc6 24. Rde1 Nc8 25. Bc4+ Kf6 26. Nh5+ Kg5 27.
f6+ 1-0

[Event "EU-ch (Men) 11th"]
[Site "Rijeka"]
[Date "2010.03.09"]
[Round "4.156"]
[White "Plat, Vojtech"]
[Black "Sikanjic, Bojan"]
[Result "0-1"]
[WhiteElo "2395"]
[BlackElo "2170"]
[PlyCount "80"]
[EventDate "2010.03.06"]
[EventType "swiss"]
[EventRounds "11"]
[EventCountry "CRO"]
[SourceDate "2010.03.06"]

1. e4 c5 2. Nf3 Nc6 3. c3 d5 4. exd5 Qxd5 5. d4 cxd4 6. cxd4 e5 7. Nc3 Bb4 8.
Bd2 Bxc3 9. Bxc3 e4 10. Nd2 Nf6 11. Nc4 Be6 12. Ne3 Qd7 13. Qa4 O-O 14. Rd1 Nd5
15. Nxd5 Bxd5 16. Bd2 a6 17. Bf4 b5 18. Qa3 Qg4 19. Bg3 Qe6 20. b3 Rfd8 21. Be2
f5 22. Bc7 Rd7 23. Bf4 Ne7 24. Qc1 Bb7 25. O-O Rad8 26. Qb2 Ng6 27. Bg5 Rf8 28.
h3 h6 29. Bc1 Qf6 30. f3 Rfd8 31. Be3 Nh4 32. fxe4 Bxe4 33. Rf2 Qg6 34. g4 fxg4
35. hxg4 Qc6 36. Qc1 Qe6 37. Rdf1 Bd5 38. Bf4 Qe4 39. Kh2 Rf7 40. Bg3 Rdf8 0-1

[Event "EU-ch (Men) 11th"]
[Site "Rijeka"]
[Date "2010.03.09"]
[Round "4.158"]
[White "Mazi, Leon"]
[Black "Demel, Paul"]
[Result "1-0"]
[WhiteElo "2375"]
[BlackElo "2155"]
[PlyCount "59"]
[EventDate "2010.03.06"]
[EventType "swiss"]
[EventRounds "11"]
[EventCountry "CRO"]
[SourceDate "2010.03.06"]

1. e4 c5 2. Nf3 d6 3. d4 cxd4 4. Nxd4 Nf6 5. Nc3 a6 6. Bg5 e6 7. Qf3 h6 8. Bxf6
Qxf6 9. Qxf6 gxf6 10. f4 Nc6 11. Nf3 h5 12. g3 Bd7 13. O-O-O Ke7 14. Be2 Bh6
15. Kb1 Rag8 16. Rhf1 b5 17. Rd2 Bc8 18. Nh4 Bb7 19. a4 b4 20. Nd1 b3 21. cxb3
Na5 22. Ka2 Bxe4 23. Bxa6 Rb8 24. Nc3 Bc6 25. Bb5 Bxb5 26. Nxb5 Rb6 27. Re1 Ra8
28. Nc7 Kd7 29. Nxa8 Rb8 30. Rc2 1-0

[Event "EU-ch (Men) 11th"]
[Site "Rijeka"]
[Date "2010.03.09"]
[Round "4.159"]
[White "Chubar, Vladimir"]
[Black "Jacobsen, Bo"]
[Result "0-1"]
[WhiteElo "2124"]
[BlackElo "2375"]
[PlyCount "84"]
[EventDate "2010.03.06"]
[EventType "swiss"]
[EventRounds "11"]
[EventCountry "CRO"]
[SourceDate "2010.03.06"]

1. d4 Nf6 2. Nf3 g6 3. Bg5 Bg7 4. Nbd2 O-O 5. e4 d5 6. Bd3 c5 7. e5 c4 8. Be2
Ne4 9. c3 Nxg5 10. Nxg5 f6 11. exf6 exf6 12. Ngf3 Nc6 13. b3 cxb3 14. axb3 g5
15. O-O f5 16. Ne1 Rf6 17. Nd3 f4 18. Bg4 Ne7 19. Re1 h6 20. Nc5 b6 21. Ne6
Bxe6 22. Rxe6 Rxe6 23. Bxe6+ Kf8 24. h4 Qd6 25. Qg4 h5 26. Qe2 g4 27. Re1 Re8
28. Qd1 Ng6 29. Bf5 Nxh4 30. Rxe8+ Kxe8 31. Qe2+ Kf7 32. Bd3 Ng6 33. Bxg6+ Kxg6
34. c4 dxc4 35. Qe8+ Kh6 36. Ne4 Qg6 37. Qe7 cxb3 38. Nc3 g3 39. fxg3 Bxd4+ 40.
Kh1 Bxc3 41. Qf8+ Bg7 42. Qxf4+ Kh7 0-1

[Event "EU-ch (Men) 11th"]
[Site "Rijeka"]
[Date "2010.03.09"]
[Round "4.160"]
[White "Dragomirescu, Robin Alexandru"]
[Black "Faika, Michael"]
[Result "1-0"]
[WhiteElo "2372"]
[BlackElo "2114"]
[PlyCount "77"]
[EventDate "2010.03.06"]
[EventType "swiss"]
[EventRounds "11"]
[EventCountry "CRO"]
[SourceDate "2010.03.06"]

1. e4 e5 2. Nf3 Nc6 3. Bb5 a6 4. Ba4 Nf6 5. O-O b5 6. Bb3 Bc5 7. c3 d6 8. d4
Bb6 9. a4 Rb8 10. axb5 axb5 11. Na3 Bg4 12. Nxb5 O-O 13. Bc2 Bxd4 14. Nbxd4
exd4 15. cxd4 Bxf3 16. gxf3 Nh5 17. Ba4 Nb4 18. f4 Qh4 19. Qf3 f5 20. e5 Qg4+
21. Qxg4 fxg4 22. Bd1 Nxf4 23. Bxf4 dxe5 24. dxe5 Rb6 25. Bxg4 Rxf4 26. f3 Rg6
27. e6 Kf8 28. Rfd1 Rfxg4+ 29. fxg4 Rxg4+ 30. Kh1 Ke7 31. Ra7 Kxe6 32. Rxc7 Kf6
33. Rg1 Nd3 34. Rxg4 Nf2+ 35. Kg1 Nxg4 36. b4 Ne3 37. b5 Nd5 38. b6 Ke6 39. b7
1-0